000 00977cam a22002778i 4500
999 _c39721
_d274221
003 OSt
005 20240919104853.0
008 150220s2018 mau f 001 0 eng
020 _a9781119039778
020 _a9780470670743 (cloth)
040 _aDLC
_beng
_cDLC
_erda
041 _aMa-Un
042 _apcc
082 0 0 _a401.41
_223
_bHAD
245 0 4 _aThe handbook of discourse analysis /
_cedited by Deborah Tannen, Heidi E. Hamilton & Deborah Schiffrin.
250 _aSecond edition.
264 _aMalden, MA ;
_aChichester, West Sussex :
_bWiley Blackwell,
_c2018.
300 _avolumes cm
_c24 سم.
504 _aIncludes bibliographical references and index.
650 0 _aDiscourse analysis
_vHandbooks, manuals, etc.
_945059
700 1 _aTannen, Deborah,
_eeditor.
_956365
700 1 _aHamilton, Heidi Ehernberger,
_eeditor.
_956366
700 1 _aSchiffrin, Deborah,
_eeditor.
_956367
942 _cBOOK
_2ddc